000 00519nam a2200181Ia 4500
005 20250508161621.0
008 008 250505s9999 xx 000 0 eng d
037 _aTextual
040 _aFEDL
_beng
_cFEDL
041 _aeng
_2eng
084 _a510.7, FRE
_qFEDL
100 _aFremont Herbert
_9771063
245 0 _aHow to teach mathematics in secondary schools
260 _aPhiladelphia
_bW B Saunders Company
_c1969
300 _axv,571p.
942 _cTEXL
_h510.7, FRE
999 _c1371145
_d1371145